Vajce, bicykel a ...trampolína

Podrobná bibliografia
Hlavný autor: Hablák, Andrej, 1977- (Autor)
Médium: Článok
Jazyk:slovenčina
Predmet:

MARC

LEADER 00000nab a2200000 a 4500
001 vtls000628938
003 SK-MaSNL
005 20260304091202.0
008 250425c1997 xo 0 slo
015 |a SNBRB19rr/mm-uuuuu 
035 |a CL0629077 
035 |a urn:nbn:sk:snk-abbqwz 
035 |a (urnnbn)urn:nbn:sk:snk:ar-002v2g 
035 |a (uuid)f2d26a02-fbe3-44f0-af3a-c7d718349bf6 
040 |a SNKBUCL  |b slo  |c SNKBUCL  |e AACR2 
041 0 |a slo 
044 |a xo  |c SK 
080 |a 82.09:885.4-1(048)  |2 1981 
080 |a 885.4-1(048)  |2 1981 
100 1 |a Hablák, Andrej,  |d 1977-  |4 aut  |9 112967 
245 1 0 |a Vajce, bicykel a ...trampolína  |c Andrej Hablák 
500 |a V rubrike Štyri pohľady na... 
650 0 7 |a slovenská poézia  |2 snkbucl  |9 215422 
655 7 |a recenzie  |2 snkbucl  |9 21907 
655 7 |a články z novín a časopisov  |2 snkbucl  |9 267496 
773 0 |t Dotyky  |g Roč. 9, č. 4 (1997), s. 10-11 
787 0 8 |i Rec.:  |a Solotruk, Martin  |t Tiché vojny  |d Banská Bystrica : DREWO A SRD, 1997 
850 |a Slovenská národná knižnica 
852 |a Slovenská národná knižnica 
958 |a article15 
958 |a OND 
958 |a LX 
958 |a SK 
958 |a RK 
958 |a EUIPO 
992 |a RBX 
999 |c 2814513  |d 2816443